Nikto nie je doma prorokom, najmä ak ide o pivo
Pivovar Kaltenecker v Rožňave - príbeh firmy.
Gespeichert in:
| 1. Verfasser: | |
|---|---|
| Format: | Buchkapitel |
| Sprache: | Slowakisch |
| Schlagworte: | |
| Tags: |
Keine Tags, Fügen Sie das erste Tag hinzu!
|
MARC
| LEADER | 00000naa a2200000 4500 | ||
|---|---|---|---|
| 001 | 0181591 | ||
| 005 | 20231109070654.4 | ||
| 041 | 0 | |a slo | |
| 044 | |a SK | ||
| 245 | 1 | 0 | |a Nikto nie je doma prorokom, najmä ak ide o pivo |c Dagmar Krištofičová |
| 520 | |a Pivovar Kaltenecker v Rožňave - príbeh firmy. | ||
| 610 | 2 | 0 | |a pivovarníctvo |
| 610 | 2 | 0 | |a pivovary |
| 610 | 2 | 0 | |a vývoj podniku |
| 100 | 1 | |a Krištofičová, Dagmar | |